Literary pseudonyms, clickable Quiz Stats

 Plays Quiz not verified by Sporcle

Challenge
Share
Tweet
Embed
Score 0/26 Timer 06:00
0 Plays Today
% Correct
Bell, Currer
72.6%
Carroll, Lewis
70.5%
Bell, Ellis
67.1%
Bell, Acton
65.1%
Aleichem, Shalom
60.3%
Orwell, George
59.6%
Gorky, Maksim
58.9%
Collodi, Carlo
57.5%
Neruda, Pablo
52.1%
James, P.D.
50.7%
Eliot, George
48.6%
Westmacott, Mary
48.6%
Herriot, James
44.5%
% Correct
Dinesen, Isak
43.8%
Le Carré, John
43.2%
Renault, Mary
41.8%
France, Anatole
37.7%
Sagan, Franҫoise
36.3%
Saki
36.3%
Molière
34.2%
Voltaire
31.5%
Villon, Franҫois
26%
Elia
21.9%
Sand, George
21.2%
Stendhal
15.8%
Maurois, André
11.6%

You're not logged in!

Compare scores with friends on all Sporcle quizzes.
OR
Log In

You Might Also Like...

Show Comments

Extras

Top Quizzes Today


Score Distribution

Your Account Isn't Verified!

In order to create a playlist on Sporcle, you need to verify the email address you used during registration. Go to your Sporcle Settings to finish the process.

Report this User

Report this user for behavior that violates our Community Guidelines.

Details: